| 000 | 01994nam a2200481 i 4500 | ||
|---|---|---|---|
| 001 | DIGBONART0223 | ||
| 003 | NyNyDIG | ||
| 007 | cr ||||||||||| | ||
| 008 | 200608s2020 mx a ob 000 0 spa d | ||
| 006 | m o d | ||
| 035 | _a(OCoLC)1257503145 | ||
| 040 |
_aDGITA _beng _erda _epn _cDGITA |
||
| 020 | _z9786078636594 | ||
| 043 | _an-mx--- | ||
| 050 | 1 | 4 | _aF1351.M33 ebook |
| 245 | 0 | 0 |
_aCarlos A. Madrazo : _bpensamiento y acción para tiempos inciertos / _cPedro Castro (editor). |
| 264 | 1 |
_aCiudad de México : _bBonilla Artigas Editores, _c2020. |
|
| 300 |
_a1 online resource : _billustrations. |
||
| 336 |
_atext _btxt _2rdacontent |
||
| 337 |
_acomputer _bc _2rdamedia |
||
| 338 |
_aonline resource _bcr _2rdacarrier |
||
| 347 |
_atext file _2rdaft |
||
| 347 | _bPDF | ||
| 490 | 1 |
_aPùblica memoria ; _v11 |
|
| 500 | _aIncludes anthology of essays by Carlos A. Madrazo (pages 165-209). | ||
| 504 | _aIncludes bibliographical references. | ||
| 588 | 0 | _aOnline resource; title from PDF title page (Digitalia, viewed June 19, 2021) | |
| 600 | 1 | 0 |
_aMadrazo, Carlos A., _d1915-1969. |
| 610 | 2 | 0 |
_aPartido Revolucionario Institucional _vBiography. |
| 650 | 0 |
_aGovernors _zMexico _zTabasco (State) _vBiography. |
|
| 651 | 0 |
_aMexico _xPolitics and government _y1946-1970. |
|
| 655 | 7 |
_aBiographies. _2lcgft |
|
| 655 | 0 | _aElectronic books. | |
| 700 | 1 |
_aCastro Martínez, Pedro Fernando, _eeditor. |
|
| 700 | 1 | 2 |
_iContainer of (work): _aMadrazo, Carlos A., _d1915-1969. _tWorks. _kSelections (Castro). |
| 791 | 2 |
_aDigitalia (Firm), _edistributor. |
|
| 793 | 0 |
_gDigitalia eBook Collection: _aBonilla Artigas Editores |
|
| 776 | 0 | 8 |
_iPrint version: _tCarlos A. Madrazo. _bPrimera edición. _dCiudad de México : Bonilla Artigas Editores, 2020 _z9786078636594 _w(DLC) 2020391733 _w(OCoLC)1200833921 |
| 830 | 0 |
_aPública memoria ; _v11. |
|
| 856 | 4 | 0 |
_3Digitalia Hispánica _uhttps://www.digitaliapublishing.com/a/81525/ |
| 910 | _aPremium collection: 2021 | ||
| 942 | _cRAA | ||
| 999 |
_c265449 _d265449 |
||